Balún Canán
Zapisane w:
| 1. autor: | |
|---|---|
| Format: | Książka |
| Język: | hiszpański |
| Wydane: |
Ciudad de México
Fondo de Cultura Económica
2007
|
| Wydanie: | 5a. ed |
| Seria: | Colección Popular, 92
|
| Hasła przedmiotowe: | |
| Etykiety: |
Dodaj etykietę
Nie ma etykietki, Dołącz pierwszą etykiete!
|
MARC
| LEADER | 00000cam a2200000 a 4500 | ||
|---|---|---|---|
| 001 | UCE5854 | ||
| 003 | CL-VaPUC | ||
| 008 | 150312e20070000mx |||||||||||||||||spa|d | ||
| 020 | |a 9789681683030 | ||
| 082 | 0 | 4 | |a Me863 |b CAS |2 21 |
| 100 | 0 | |a Castellanos, Rosario |e author |9 578525 | |
| 245 | 1 | 0 | |a Balún Canán |
| 250 | |a 5a. ed | ||
| 300 | |a 286 p | ||
| 942 | |c BK | ||
| 945 | |d 20150312 12:37:00 |a dcastane | ||
| 260 | |a Ciudad de México |b Fondo de Cultura Económica |c 2007 | ||
| 650 | 0 | |a Novelas mexicanas |9 317570 | |
| 650 | 0 | |a Literatura mexicana |9 313097 | |
| 583 | |a last modification |c 20150312 12:37:00 |k Rodrigo Vera | ||
| 490 | 0 | |a Colección Popular, 92 | |
| 999 | |c 358420 |d 358418 | ||
| 952 | |0 0 |1 0 |3 erb |4 0 |6 ME_863_000000000000000_CAS_2007 |7 0 |8 A |9 467108 |a BIBEDU |b BIBEDU |i 5139090 |o Me863 CAS 2007 |p 5139090 |r 2019-11-23 |w 2019-11-23 |y BK |z Catalogado en:20150312 |k LIT | ||
| 952 | |0 0 |1 0 |3 erb |4 0 |6 ME_863_000000000000000_CAS_2007 |7 0 |8 A |9 467109 |a BIBEDU |b BIBEDU |i 5139104 |o Me863 CAS 2007 |p 5139104 |r 2019-11-23 |w 2019-11-23 |y BK |z Catalogado en:20150312 |k LIT | ||